All PFA Teams of the Year - Statistics

General Stats
  • This quiz has been taken 664 times
    78 since last reset
  • The average score is 266 of 363
Answer Stats
Year Pos. Club Player % Correct
2017–18 FW Liverpool Mohamed Salah
96%
2020–21 FW Liverpool Mohamed Salah
96%
2021–22 FW Liverpool Mohamed Salah
96%
2024–25 FW Liverpool Mohamed Salah
96%
2000–01 MF Liverpool Steven Gerrard
96%
2003–04 MF Liverpool Steven Gerrard
96%
2004–05 MF Liverpool Steven Gerrard
96%
2005–06 MF Liverpool Steven Gerrard
96%
2006–07 MF Liverpool Steven Gerrard
96%
2007–08 MF Liverpool Steven Gerrard
96%
2008–09 MF Liverpool Steven Gerrard
96%
2013–14 MF Liverpool Steven Gerrard
96%
2018–19 DF Liverpool Virgil van Dijk
96%
2019–20 DF Liverpool Virgil van Dijk
96%
2021–22 DF Liverpool Virgil van Dijk
96%
2023–24 DF Liverpool Virgil van Dijk
96%
2024–25 DF Liverpool Virgil van Dijk
96%
2003–04 MF Chelsea Frank Lampard
95%
2004–05 MF Chelsea Frank Lampard
95%
2005–06 MF Chelsea Frank Lampard
95%
1995–96 FW Newcastle United Les Ferdinand
95%
2001–02 DF Leeds United Rio Ferdinand
95%
2004–05 DF Manchester United Rio Ferdinand
95%
2006–07 DF Manchester United Rio Ferdinand
95%
2007–08 DF Manchester United Rio Ferdinand
95%
2008–09 DF Manchester United Rio Ferdinand
95%
2012–13 DF Manchester United Rio Ferdinand
95%
2005–06 FW Manchester United Wayne Rooney
95%
2009–10 FW Manchester United Wayne Rooney
95%
2011–12 FW Manchester United Wayne Rooney
95%
2014–15 FW Tottenham Hotspur Harry Kane
93%
2015–16 FW Tottenham Hotspur Harry Kane
93%
2016–17 FW Tottenham Hotspur Harry Kane
93%
2017–18 FW Tottenham Hotspur Harry Kane
93%
2020–21 FW Tottenham Hotspur Harry Kane
93%
2022–23 FW Tottenham Hotspur Harry Kane
93%
1992–93 MF Manchester United Ryan Giggs
93%
1997–98 MF Manchester United Ryan Giggs
93%
2000–01 MF Manchester United Ryan Giggs
93%
2001–02 MF Manchester United Ryan Giggs
93%
2006–07 MF Manchester United Ryan Giggs
93%
2008–09 MF Manchester United Ryan Giggs
93%
2024–25 FW Newcastle United Alexander Isak
91%
2021–22 GK Liverpool Alisson
91%
2018–19 MF Manchester City Bernardo Silva
91%
2021–22 MF Manchester City Bernardo Silva
91%
2005–06 MF Manchester United Cristiano Ronaldo
91%
2006–07 MF Manchester United Cristiano Ronaldo
91%
2007–08 MF Manchester United Cristiano Ronaldo
91%
2008–09 MF Manchester United Cristiano Ronaldo
91%
2021–22 FW Manchester United Cristiano Ronaldo
91%
2011–12 MF Manchester City David Silva
91%
2017–18 MF Manchester City David Silva
91%
2019–20 MF Manchester City David Silva
91%
2015–16 MF Tottenham Hotspur Dele Alli
91%
2016–17 MF Tottenham Hotspur Dele Alli
91%
2018–19 GK Manchester City Ederson
91%
2020–21 GK Manchester City Ederson
91%
2006–07 GK Manchester United Edwin van der Sar
91%
2008–09 GK Manchester United Edwin van der Sar
91%
2010–11 GK Manchester United Edwin van der Sar
91%
2022–23 FW Manchester City Erling Haaland
91%
2023–24 FW Manchester City Erling Haaland
91%
2017–18 MF Manchester City Kevin De Bruyne
91%
2019–20 MF Manchester City Kevin De Bruyne
91%
2020–21 MF Manchester City Kevin De Bruyne
91%
2021–22 MF Manchester City Kevin De Bruyne
91%
2022–23 MF Manchester City Kevin De Bruyne
91%
2018–19 DF Liverpool Trent Alexander-Arnold
91%
2019–20 DF Liverpool Trent Alexander-Arnold
91%
2021–22 DF Liverpool Trent Alexander-Arnold
91%
1992–93 FW Blackburn Rovers Alan Shearer
89%
1993–94 FW Blackburn Rovers Alan Shearer
89%
1994–95 FW Blackburn Rovers Alan Shearer
89%
1995–96 FW Blackburn Rovers Alan Shearer
89%
1996–97 FW Newcastle United Alan Shearer
89%
2002–03 FW Newcastle United Alan Shearer
89%
2024–25 MF Liverpool Alexis Mac Allister
89%
2012–13 GK Manchester United David de Gea
89%
2014–15 GK Manchester United David de Gea
89%
2015–16 GK Manchester United David de Gea
89%
2016–17 GK Manchester United David de Gea
89%
2017–18 GK Manchester United David de Gea
89%
2023–24 GK Arsenal David Raya
89%
1993–94 MF Leeds United Gary McAllister
89%
2022–23 MF Arsenal Martin Ødegaard
89%
2023–24 MF Arsenal Martin Ødegaard
89%
2002–03 MF Manchester United Paul Scholes
89%
2006–07 MF Manchester United Paul Scholes
89%
2015–16 MF Leicester City Riyad Mahrez
89%
2011–12 FW Arsenal Robin van Persie
89%
2012–13 FW Manchester United Robin van Persie
89%
2016–17 MF Liverpool Sadio Mané
89%
2018–19 FW Liverpool Sadio Mané
89%
2019–20 FW Liverpool Sadio Mané
89%
2021–22 FW Liverpool Sadio Mané
89%
2020–21 FW Tottenham Hotspur Son Heung-min
89%
2000–01 FW Arsenal Thierry Henry
89%
2001–02 FW Arsenal Thierry Henry
89%
2002–03 FW Arsenal Thierry Henry
89%
2003–04 FW Arsenal Thierry Henry
89%
2004–05 FW Arsenal Thierry Henry
89%
2005–06 FW Arsenal Thierry Henry
89%
2022–23 DF Arsenal William Saliba
89%
2023–24 DF Arsenal William Saliba
89%
2024–25 DF Arsenal William Saliba
89%
2018–19 DF Liverpool Andrew Robertson
88%
2019–20 DF Liverpool Andrew Robertson
88%
1999–2000 FW Manchester United Andy Cole
88%
2002–03 DF Arsenal Ashley Cole
88%
2003–04 DF Arsenal Ashley Cole
88%
2004–05 DF Arsenal Ashley Cole
88%
2010–11 DF Chelsea Ashley Cole
88%
2006–07 FW Chelsea Didier Drogba
88%
2009–10 FW Chelsea Didier Drogba
88%
2023–24 DF Arsenal Gabriel
88%
2024–25 DF Arsenal Gabriel
88%
2015–16 FW Leicester City Jamie Vardy
88%
2019–20 FW Leicester City Jamie Vardy
88%
2005–06 MF Chelsea Joe Cole
88%
2009–10 GK Birmingham City Joe Hart
88%
2011–12 GK Manchester City Joe Hart
88%
2003–04 DF Chelsea John Terry
88%
2004–05 DF Chelsea John Terry
88%
2005–06 DF Chelsea John Terry
88%
2014–15 DF Chelsea John Terry
88%
2011–12 DF Tottenham Hotspur Kyle Walker
88%
2016–17 DF Tottenham Hotspur Kyle Walker
88%
2017–18 DF Manchester City Kyle Walker
88%
2023–24 DF Manchester City Kyle Walker
88%
2006–07 DF Manchester United Nemanja Vidić
88%
2007–08 DF Manchester United Nemanja Vidić
88%
2008–09 DF Manchester United Nemanja Vidić
88%
2010–11 DF Manchester United Nemanja Vidić
88%
2022–23 MF Manchester City Rodri
88%
2023–24 MF Manchester City Rodri
88%
1992–93 MF Nottingham Forest Roy Keane
88%
1996–97 MF Manchester United Roy Keane
88%
1999–2000 MF Manchester United Roy Keane
88%
2000–01 MF Manchester United Roy Keane
88%
2001–02 MF Manchester United Roy Keane
88%
2020–21 DF Manchester City Rúben Dias
88%
2022–23 DF Manchester City Rúben Dias
88%
2017–18 FW Manchester City Sergio Agüero
88%
2018–19 FW Manchester City Sergio Agüero
88%
2023–24 MF Arsenal Declan Rice
86%
2024–25 MF Arsenal Declan Rice
86%
2010–11 MF Tottenham Hotspur Gareth Bale
86%
2011–12 MF Tottenham Hotspur Gareth Bale
86%
2012–13 MF Tottenham Hotspur Gareth Bale
86%
2004–05 GK Chelsea Petr Čech
86%
2013–14 GK Chelsea Petr Čech
86%
2023–24 FW Manchester City Phil Foden
86%
2022–23 FW Arsenal Bukayo Saka
84%
2007–08 FW Liverpool Fernando Torres
84%
2008–09 FW Liverpool Fernando Torres
84%
2019–20 MF Liverpool Jordan Henderson
84%
2012–13 FW Liverpool Luis Suárez
84%
2013–14 FW Liverpool Luis Suárez
84%
2015–16 MF Leicester City N'Golo Kanté
84%
2016–17 MF Chelsea N'Golo Kanté
84%
2000–01 DF Tottenham Hotspur Stephen Carr
84%
2002–03 DF Tottenham Hotspur Stephen Carr
84%
1995–96 DF Manchester United Gary Neville
82%
1996–97 DF Manchester United Gary Neville
82%
1997–98 DF Manchester United Gary Neville
82%
1998–99 DF Manchester United Gary Neville
82%
2004–05 DF Manchester United Gary Neville
82%
2006–07 DF Manchester United Gary Neville
82%
2023–24 FW Aston Villa Ollie Watkins
82%
2024–25 FW Nottingham Forest Chris Wood
80%
1996–97 MF Manchester United David Beckham
80%
1997–98 MF Manchester United David Beckham
80%
1998–99 MF Manchester United David Beckham
80%
1999–2000 MF Manchester United David Beckham
80%
1997–98 FW Arsenal Dennis Bergkamp
80%
2012–13 MF Chelsea Eden Hazard
80%
2013–14 MF Chelsea Eden Hazard
80%
2014–15 MF Chelsea Eden Hazard
80%
2016–17 MF Chelsea Eden Hazard
80%
2019–20 FW Arsenal Pierre-Emerick Aubameyang
80%
1995–96 MF Nottingham Forest Steve Stone
80%
2010–11 DF Manchester City Vincent Kompany
80%
2011–12 DF Manchester City Vincent Kompany
80%
2013–14 DF Manchester City Vincent Kompany
80%
2022–23 GK Arsenal Aaron Ramsdale
79%
2013–14 DF Chelsea Gary Cahill
79%
2014–15 DF Chelsea Gary Cahill
79%
2016–17 DF Chelsea Gary Cahill
79%
2011–12 MF Manchester City Yaya Touré
79%
2013–14 MF Manchester City Yaya Touré
79%
1995–96 DF Aston Villa Alan Wright
77%
1992–93 FW Arsenal Ian Wright
77%
1996–97 FW Arsenal Ian Wright
77%
2013–14 DF Southampton Luke Shaw
77%
2020–21 DF Manchester United Luke Shaw
77%
1996–97 DF Liverpool Mark Wright
77%
2024–25 DF Bournemouth Milos Kerkez
77%
1992–93 GK Manchester United Peter Schmeichel
77%
2018–19 FW Manchester City Raheem Sterling
77%
2001–02 FW Manchester United Ruud van Nistelrooy
77%
2003–04 FW Manchester United Ruud van Nistelrooy
77%
2020–21 MF Manchester United Bruno Fernandes
75%
2007–08 MF Arsenal Cesc Fàbregas
75%
2009–10 MF Arsenal Cesc Fàbregas
75%
1995–96 GK Liverpool David James
75%
2007–08 GK Portsmouth David James
75%
2014–15 FW Chelsea Diego Costa
75%
2006–07 FW Tottenham Hotspur Dimitar Berbatov
75%
2010–11 FW Manchester United Dimitar Berbatov
75%
2018–19 MF Manchester City Fernandinho
75%
2020–21 DF Manchester City John Stones
75%
2022–23 DF Manchester City John Stones
75%
2011–12 DF Everton Leighton Baines
75%
2012–13 DF Everton Leighton Baines
75%
2006–07 DF Manchester United Patrice Evra
75%
2008–09 DF Manchester United Patrice Evra
75%
2009–10 DF Manchester United Patrice Evra
75%
1998–99 MF Arsenal Patrick Vieira
75%
1999–2000 MF Arsenal Patrick Vieira
75%
2000–01 MF Arsenal Patrick Vieira
75%
2001–02 MF Arsenal Patrick Vieira
75%
2002–03 MF Arsenal Patrick Vieira
75%
2003–04 MF Arsenal Patrick Vieira
75%
2005–06 DF Liverpool Jamie Carragher
73%
2012–13 DF Tottenham Hotspur Jan Vertonghen
73%
2017–18 DF Tottenham Hotspur Jan Vertonghen
73%
2022–23 DF Newcastle United Kieran Trippier
73%
2017–18 DF Chelsea Marcos Alonso
73%
2019–20 GK Burnley Nick Pope
73%
2016–17 FW Everton Romelu Lukaku
73%
2013–14 FW Liverpool Daniel Sturridge
71%
1998–99 FW Manchester United Dwight Yorke
71%
1993–94 FW Manchester United Eric Cantona
71%
1998–99 DF Manchester United Jaap Stam
71%
1999–2000 DF Manchester United Jaap Stam
71%
2000–01 DF Manchester United Jaap Stam
71%
2001–02 MF Arsenal Robert Pires
71%
2002–03 MF Arsenal Robert Pires
71%
2003–04 MF Arsenal Robert Pires
71%
2024–25 MF Liverpool Ryan Gravenberch
71%
2015–16 DF Leicester City Wes Morgan
71%
2009–10 DF Chelsea Branislav Ivanović
70%
2014–15 DF Chelsea Branislav Ivanović
70%
2010–11 FW Manchester City Carlos Tevez
70%
2020–21 DF Manchester City João Cancelo
70%
2021–22 DF Manchester City João Cancelo
70%
2012–13 MF Manchester United Michael Carrick
70%
1993–94 DF Arsenal Tony Adams
70%
1995–96 DF Arsenal Tony Adams
70%
1996–97 DF Arsenal Tony Adams
70%
2017–18 MF Tottenham Hotspur Christian Eriksen
68%
2015–16 DF Tottenham Hotspur Danny Rose
68%
2016–17 DF Tottenham Hotspur Danny Rose
68%
1997–98 FW Liverpool Michael Owen
68%
1998–99 FW Arsenal Nicholas Anelka
68%
2008–09 FW Chelsea Nicolas Anelka
68%
1998–99 DF Tottenham Hotspur Sol Campbell
68%
2002–03 DF Arsenal Sol Campbell
68%
2003–04 DF Arsenal Sol Campbell
68%
2000–01 FW Manchester United Teddy Sheringham
68%
2018–19 DF Manchester City Aymeric Laporte
66%
1996–97 GK Arsenal David Seaman
66%
2014–15 MF Liverpool Philippe Coutinho
66%
2013–14 DF Everton Séamus Coleman
66%
2020–21 MF Manchester City İlkay Gündoğan
64%
2009–10 MF Aston Villa James Milner
64%
2001–02 GK Newcastle United Shay Given
64%
2005–06 GK Newcastle United Shay Given
64%
2014–15 MF Arsenal Alexis Sánchez
63%
2004–05 FW Crystal Palace Andrew Johnson
63%
2016–17 DF Chelsea David Luiz
63%
2015–16 MF West Ham United Dimitri Payet
63%
2000–01 GK Manchester United Fabien Barthez
63%
2008–09 DF Portsmouth Glen Johnson
63%
2024–25 GK Nottingham Forest Matz Sels
63%
2018–19 MF Manchester United Paul Pogba
63%
2015–16 DF Tottenham Hotspur Toby Alderweireld
63%
1995–96 MF Newcastle United David Ginola
61%
1998–99 MF Tottenham Hotspur David Ginola
61%
2007–08 DF Arsenal Gaël Clichy
61%
2015–16 DF Arsenal Héctor Bellerín
61%
2017–18 DF Manchester City Nicolás Otamendi
61%
2012–13 DF Manchester City Pablo Zabaleta
61%
2013–14 MF Southampton Adam Lallana
59%
2007–08 DF Arsenal Bacary Sagna
59%
2010–11 DF Arsenal Bacary Sagna
59%
1993–94 DF Manchester United Denis Irwin
57%
1998–99 DF Manchester United Denis Irwin
57%
2007–08 MF Aston Villa Ashley Young
55%
2008–09 MF Aston Villa Ashley Young
55%
2003–04 DF Arsenal Lauren
55%
2004–05 MF Manchester City Shaun Wright-Phillips
55%
2021–22 MF Liverpool Thiago
55%
1994–95 FW Blackburn Rovers Chris Sutton
54%
2007–08 FW Arsenal Emmanuel Adebayor
54%
2010–11 MF Manchester United Nani
54%
2014–15 MF Chelsea Nemanja Matić
54%
2003–04 GK Manchester United Tim Howard
54%
2021–22 DF Chelsea Antonio Rüdiger
52%
2019–20 DF Leicester City Çağlar Söyüncü
52%
2010–11 MF Arsenal Jack Wilshere
52%
1999–2000 FW Sunderland Kevin Phillips
52%
2010–11 MF Arsenal Samir Nasri
52%
2009–10 MF Manchester United Darren Fletcher
50%
1992–93 DF Manchester United Gary Pallister
50%
1993–94 DF Manchester United Gary Pallister
50%
1994–95 DF Manchester United Gary Pallister
50%
1997–98 DF Manchester United Gary Pallister
50%
2014–15 DF Southampton Ryan Bertrand
50%
2002–03 DF Chelsea William Gallas
50%
2005–06 DF Chelsea William Gallas
50%
2004–05 MF Chelsea Arjen Robben
48%
2011–12 DF Newcastle United Fabricio Coloccini
48%
2012–13 MF Chelsea Juan Mata
48%
2009–10 MF Manchester United Antonio Valencia
46%
1994–95 MF Southampton Matt Le Tissier
46%
1998–99 MF Arsenal Emmanuel Petit
45%
2002–03 GK Blackburn Rovers Brad Friedel
43%
1997–98 MF Manchester United Nicky Butt
43%
1992–93 MF Manchester United Paul Ince
43%
1993–94 MF Manchester United Paul Ince
43%
1994–95 MF Manchester United Paul Ince
43%
1999–2000 DF Liverpool Sami Hyypiä
43%
2001–02 DF Liverpool Sami Hyypiä
43%
2011–12 MF Tottenham Hotspur Scott Parker
43%
1994–95 MF Blackburn Rovers Tim Sherwood
43%
2000–01 DF Manchester United Wes Brown
43%
1994–95 DF Blackburn Rovers Graeme Le Saux
39%
1997–98 DF Chelsea Graeme Le Saux
39%
1992–93 DF Aston Villa Paul McGrath
39%
1994–95 DF Liverpool Rob Jones
38%
2009–10 DF Arsenal Thomas Vermaelen
36%
1999–2000 MF Leeds United Harry Kewell
34%
1994–95 FW Tottenham Hotspur Jürgen Klinsmann
34%
2009–10 DF Aston Villa Richard Dunne
34%
1996–97 MF Liverpool Steve McManaman
34%
1993–94 GK Blackburn Rovers Tim Flowers
34%
1994–95 GK Blackburn Rovers Tim Flowers
34%
1992–93 MF Leeds United Gary Speed
29%
1995–96 MF Newcastle United Rob Lee
29%
2001–02 DF Fulham Steve Finnan
29%
1997–98 GK Leeds United Nigel Martyn
27%
1998–99 GK Leeds United Nigel Martyn
27%
1999–2000 GK Leeds United Nigel Martyn
27%
2000–01 DF Arsenal Sylvinho
25%
2005–06 DF Wigan Athletic Pascal Chimbonda
23%
1993–94 FW Newcastle United Peter Beardsley
23%
2001–02 DF Southampton Wayne Bridge
23%
1993–94 MF Blackburn Rovers David Batty
21%
1996–97 MF Newcastle United David Batty
21%
1997–98 MF Newcastle United David Batty
21%
1995–96 MF Chelsea Ruud Gullit
21%
1993–94 DF Leeds United Gary Kelly
18%
1999–2000 DF Leeds United Gary Kelly
18%
1999–2000 DF Leeds United Ian Harte
18%
2002–03 MF Newcastle United Kieron Dyer
18%
1994–95 DF Blackburn Rovers Colin Hendry
16%
1997–98 DF Blackburn Rovers Colin Hendry
16%
1992–93 DF Leeds United Tony Dorigo
16%
1995–96 DF Aston Villa Ugo Ehiogu
14%
1992–93 DF Queens Park Rangers David Bardsley
13%
1996–97 DF Liverpool Stig Inge Bjørnebye
13%
No matching quizzes found
Score Distribution
Percent of People with Each Score
Percentile by Number Answered
Your Score History
You have not taken this quiz since the last reset